000
00332 a2200109 4500
001
ART_51777
005
20260410162044.0
008
260409a
245
1
0
_a
Proyecciones en materia tributaria de la igualdad constitucional
100
1
_a
Gusman, Alfredo S.
773
0
_t
Impuestos
_g
- N°84 (sep. 2020)
_w
REV45175
999
_c
35158
_d
35158